Príznaky Holandskej choroby v ekonomike Južnej Afriky v predkrízovom období bakalárska práca

Na minha lista:
Detalhes bibliográficos
Autor principal: Vaszilyová, Veronika
Autor Corporativo: Fakulta medzinárodných vzťahov EU. Katedra medzinárodných ekonomických vzťahov a hospodárskej diplomacie
Outros Autores: Kunychka, Mykhaylo, 1990-
Formato: Livro
Idioma:eslovaco
Publicado em: Bratislava 2024
Tags: Adicionar Tag
Sem tags, seja o primeiro a adicionar uma tag!

MARC

LEADER 00000nbm a2200000 4500
001 0301769
005 20250225140214.6
041 0 |a slo 
044 |a SK 
245 1 0 |a Príznaky Holandskej choroby v ekonomike Južnej Afriky v predkrízovom období  |b bakalárska práca  |c Veronika Vaszilyová ; školiteľ: Mykhaylo Kunychka 
264 1 |a Bratislava  |c 2024 
300 |a 44 s. 
100 1 |a Vaszilyová, Veronika 
700 1 |a Kunychka, Mykhaylo, 1990- 
710 2 |a Fakulta medzinárodných vzťahov EU. Katedra medzinárodných ekonomických vzťahov a hospodárskej diplomacie